Zhongguancun Notes (Record no. 587758)

000 -LEADER
fixed length control field 00368nam a22001577a 4500
003 - CONTROL NUMBER IDENTIFIER
control field NUST
020 ## - INTERNATIONAL STANDARD BOOK NUMBER
International Standard Book Number 9787530220184
038 ## - RECORD CONTENT LICENSOR
Staff Name Muhammad Ibrahim
082 ## - DEWEY DECIMAL CLASSIFICATION NUMBER
Classification number 915.1
Author Mark KEN 2019
100 ## - MAIN ENTRY--PERSONAL NAME
Personal name Ken, Ning
9 (RLIN) 88741
245 ## - TITLE STATEMENT
Title Zhongguancun Notes
Statement of responsibility, etc. Ning Ken
260 ## - PUBLICATION, DISTRIBUTION, ETC.
Place of publication, distribution, etc. Beijing
Name of publisher, distributor, etc. Beijing Publishing Group
Date of publication, distribution, etc. 2019
300 ## - PHYSICAL DESCRIPTION
Extent 585p
563 ## - BINDING INFORMATION
Binding note PB
942 ## - ADDED ENTRY ELEMENTS (KOHA)
Source of classification or shelving scheme
Koha item type Book
Holdings
Withdrawn status Lost status Source of classification or shelving scheme Damaged status Not for loan Permanent Location Current Location Shelving location Date acquired Total Checkouts Full call number Barcode Date last seen Price effective from Koha item type
          Centre for International Peace & Stability (CIPS) Centre for International Peace & Stability (CIPS) General Stacks 02/03/2022   915.1 KEN 2019 CIPSD0000612 02/03/2022 02/03/2022 Book
© 2023 Central Library, National University of Sciences and Technology. All Rights Reserved.